Famous Photographs by Yousuf Karsh - Statistics

General Stats
  • This quiz has been taken 25 times
  • The average score is 14 of 18
Answer Stats
Picture Answer % Correct
Albert Einstein
100%
John F. Kennedy
100%
Martin Luther King
100%
Mother Teresa
100%
Winston Churchill
100%
Nelson Mandela
95%
Walt Disney
95%
Muhammad Ali
91%
Princess Elizabeth
91%
Fidel Castro
86%
Dwight Eisenhower
73%
Pablo Picasso
73%
Alfred Hitchcock
68%
Jacqueline Kennedy
59%
Pope John Paul II
55%
Ernest Hemingway
50%
Jim Henson
18%
Frank Loyd Wright
14%
No matching quizzes found
Score Distribution
Percent of People with Each Score
Percentile by Number Answered
Your Score History
You have not taken this quiz